Online
Catalog

Ensayos sobre filosofía del lenguaje / (Record no. 14400)

MARC details
000 -CABECERA
campo de control de longitud fija 00892nam a2200229 a 4500
001 - NÚMERO DE CONTROL
campo de control 000014819
005 - FECHA Y HORA DE LA ÚLTIMA TRANSACCIÓN
campo de control 20200929163915.0
008 - DATOS DE LONGITUD FIJA--INFORMACIÓN GENERAL
campo de control de longitud fija 100122s1973 sp e|| 000 | spa d
040 ## - FUENTE DE LA CATALOGACIÓN
Centro catalogador/agencia de origen DO-SdBNP
Lengua de catalogación spa
082 ## - NÚMERO DE LA CLASIFICACIÓN DECIMAL DEWEY
Número de clasificación 401
Número de documento/Ítem S296e
100 1# - ENTRADA PRINCIPAL--NOMBRE DE PERSONA
Nombre de persona Schaff, Adam
9 (RLIN) 33541
240 10 - TÍTULO UNIFORME
Título uniforme Essays über die philosophie der sprache
-- Español
245 10 - MENCIÓN DE TÍTULO
Título Ensayos sobre filosofía del lenguaje /
Mención de responsabilidad, etc. Adam Schaff ; epílogo de Jacobo Muñoz ; traducción castellana de Feliu Formosa.
260 ## - PUBLICACIÓN, DISTRIBUCIÓN, ETC.
Lugar de publicación, distribución, etc. Esplugues de Lobregat, Barcelona :
Nombre del editor, distribuidor, etc. Ariel,
Fecha de publicación, distribución, etc. 1973.
300 ## - DESCRIPCIÓN FÍSICA
Extensión 247 p. ;
Dimensiones 18 cm.
490 0# - MENCIÓN DE SERIE
Mención de serie Ariel quincenal
Designación de volumen o secuencia 78
534 ## - NOTA SOBRE LA VERSIÓN ORIGINAL
Frase introductoria Título original:
Mención de título del original Essays über die philosophie der sprach
650 14 - PUNTO DE ACCESO ADICIONAL DE MATERIA--TÉRMINO DE MATERIA
Término de materia o nombre geográfico como elemento de entrada Filosofía del lenguaje
Subdivisión de forma ENSAYOS, CONFERENCIAS, ETC.
9 (RLIN) 33568
650 #4 - PUNTO DE ACCESO ADICIONAL DE MATERIA--TÉRMINO DE MATERIA
Término de materia o nombre geográfico como elemento de entrada Lingüística
Subdivisión de forma ENSAYOS, CONFERENCIAS, ETC.
9 (RLIN) 33569
700 1# - PUNTO DE ACCESO ADICIONAL--NOMBRE DE PERSONA
Nombre de persona Muñoz, Jacobo
9 (RLIN) 33570
700 1# - PUNTO DE ACCESO ADICIONAL--NOMBRE DE PERSONA
Nombre de persona Formosa, Feliu
Término indicativo de función/relación tr.
9 (RLIN) 33571
Holdings
Estado de retiro Estado de pérdida Restricciones de uso No para préstamo Código de colección Localización permanente Ubicación/localización actual Ubicación en estantería Fecha de adquisición Número de inventario Total de préstamos Signatura topográfica completa Código de barras Fecha visto por última vez Precio válido a partir de Tipo de ítem Koha
        Monografías: Libros y Folletos General General En catalogación 26.03.2010 LF1   401 S296e 14819-10 25.06.2020 25.06.2020 Préstamo en sala
        Monografías: Libros y Folletos Patrimonio Dominicano Patrimonio Dominicano Orden iniciada 22.01.2010 LF1   401 S296e 14820-10 25.06.2020 25.06.2020 No se presta
        Monografías: Libros y Folletos Patrimonio Dominicano Patrimonio Dominicano Orden iniciada 22.01.2010 LF1   401 S296e 14820-20 25.06.2020 25.06.2020 No se presta

Powered by Koha